[Event "6I Torneo Ciudad de Pontevedra 2018"]
[Site "Pontevedra ESP"]
[Date "2018.08.08"]
[Round "1.25"]
[White "Senlle Caride, Miguel"]
[Black "Levi, Netanel"]
[Result "1-0"]
[WhiteElo "2311"]
[BlackElo "1961"]
[PlyCount "69"]
[EventDate "2018.08.08"]
[EventType "swiss"]
[EventRounds "9"]
[EventCountry "ESP"]
[SourceTitle "Ajedrez en Madrid"]
[Source "lmi"]
[SourceDate "2018.08.08"]

1. e4 d6 2. d4 Nf6 3. Nc3 e5 4. Nf3 Nbd7 5. Bc4 Be7 6. O-O O-O 7. a3 a5 8. Qe2
c6 9. Rd1 Qc7 10. h3 exd4 11. Nxd4 Re8 12. Bf4 Ne5 13. Ba2 Bf8 14. Bg5 Qe7 15.
f4 Ng6 16. Qf3 h6 17. Nf5 Bxf5 18. exf5 Nh8 19. Re1 Qxe1+ 20. Rxe1 Rxe1+ 21.
Kf2 Rae8 22. Bxf6 gxf6 23. Be6 Rc1 24. Ne4 Rxc2+ 25. Kg1 Be7 26. Qg4+ Kf8 27.
Ng3 d5 28. Nh5 Bc5+ 29. Kh2 Ke7 30. Nxf6 Rf8 31. Nd7 Ra8 32. Qd1 Rxb2 33. Nxc5
fxe6 34. Qd4 Re2 35. Qg7+ 1-0

[Event "6I Torneo Ciudad de Pontevedra 2018"]
[Site "Pontevedra ESP"]
[Date "2018.08.08"]
[Round "1.26"]
[White "Lemstra, Bart"]
[Black "Cabezas Ayala, Ivan"]
[Result "0-1"]
[WhiteElo "1929"]
[BlackElo "2308"]
[PlyCount "60"]
[EventDate "2018.08.08"]
[EventType "swiss"]
[EventRounds "9"]
[EventCountry "ESP"]
[SourceTitle "Ajedrez en Madrid"]
[Source "lmi"]
[SourceDate "2018.08.08"]

1. d4 Nf6 2. c4 g6 3. Nc3 Bg7 4. e4 d6 5. Nf3 O-O 6. h3 e5 7. d5 a5 8. g4 Na6
9. Be3 Nd7 10. Nd2 Ndc5 11. h4 f5 12. exf5 gxf5 13. gxf5 Bxf5 14. a3 Qf6 15.
Qh5 e4 16. O-O-O Nb4 17. Rg1 Nbd3+ 18. Bxd3 Nxd3+ 19. Kc2 Bg6 20. Qg5 Qxg5 21.
Rxg5 Nxf2 22. Rf1 Nd3 23. Rxf8+ Rxf8 24. Rg3 Nf4 25. Ndxe4 Nh5 26. Rg5 Nf6 27.
Kd3 Re8 28. Bd4 Nxe4 29. Nxe4 Bxe4+ 30. Kc3 Re7 0-1

[Event "6I Torneo Ciudad de Pontevedra 2018"]
[Site "Pontevedra ESP"]
[Date "2018.08.08"]
[Round "1.27"]
[White "Calzetta Ruiz, Monica"]
[Black "Bottazzi, Ulysse"]
[Result "1/2-1/2"]
[WhiteElo "2302"]
[BlackElo "1847"]
[PlyCount "68"]
[EventDate "2018.08.08"]
[EventType "swiss"]
[EventRounds "9"]
[EventCountry "ESP"]
[SourceTitle "Ajedrez en Madrid"]
[Source "lmi"]
[SourceDate "2018.08.08"]

1. e4 c5 2. Nf3 d6 3. d4 cxd4 4. Nxd4 Nf6 5. Nc3 a6 6. g3 Nc6 7. Bg2 Bd7 8.
Nde2 g6 9. O-O Bg7 10. a4 O-O 11. h3 Rb8 12. Nd5 b5 13. axb5 axb5 14. Re1 Ne5
15. Nd4 Nxd5 16. exd5 Nc4 17. b3 Nb6 18. Bg5 Re8 19. Qd2 Qc7 20. Bxe7 Qc5 21.
Rad1 Nc8 22. Nc6 Bxc6 23. Bxd6 Nxd6 24. dxc6 Rxe1+ 25. Qxe1 Re8 26. Qd2 Bf8 27.
Bd5 Rc8 28. h4 Nf5 29. h5 Ne7 30. hxg6 hxg6 31. c4 bxc4 32. bxc4 Nxc6 33. Qf4
Qe7 34. Qg4 Na7 1/2-1/2

[Event "6I Torneo Ciudad de Pontevedra 2018"]
[Site "Pontevedra ESP"]
[Date "2018.08.08"]
[Round "1.29"]
[White "Galiana Fernandez, Adrian"]
[Black "Del Prado Rodriguez, Xulio"]
[Result "1-0"]
[WhiteElo "2291"]
[BlackElo "1671"]
[PlyCount "71"]
[EventDate "2018.08.08"]
[EventType "swiss"]
[EventRounds "9"]
[EventCountry "ESP"]
[SourceTitle "Ajedrez en Madrid"]
[Source "lmi"]
[SourceDate "2018.08.08"]

1. e4 e5 2. Nf3 Nf6 3. Nxe5 d6 4. Nf3 Nxe4 5. Bd3 Nf6 6. O-O Be7 7. h3 O-O 8.
c3 Nbd7 9. Bc2 b6 10. d4 Bb7 11. a4 a5 12. Na3 Re8 13. Nb5 Nf8 14. Re1 Ng6 15.
Bf5 Bc8 16. Bxc8 Qxc8 17. d5 Nd7 18. Nfd4 Nc5 19. Nc6 Qd7 20. b4 axb4 21. cxb4
Bf6 22. Ra3 Rxe1+ 23. Qxe1 Re8 24. Be3 Ne4 25. a5 bxa5 26. bxa5 Bh4 27. Qf1 Ne5
28. Nxe5 Rxe5 29. a6 Re8 30. a7 Ra8 31. Nd4 f5 32. g3 Bg5 33. Bxg5 Nxg5 34. Nc6
Qf7 35. Rb3 Qxd5 36. Ne7+ 1-0

[Event "6I Torneo Ciudad de Pontevedra 2018"]
[Site "Pontevedra ESP"]
[Date "2018.08.08"]
[Round "1.30"]
[White "Avelino, Camila Biscaya"]
[Black "Garcia Trobat, Francisco"]
[Result "0-1"]
[WhiteElo "1642"]
[BlackElo "2266"]
[PlyCount "126"]
[EventDate "2018.08.08"]
[EventType "swiss"]
[EventRounds "9"]
[EventCountry "ESP"]
[SourceTitle "Ajedrez en Madrid"]
[Source "lmi"]
[SourceDate "2018.08.08"]

1. e4 c5 2. Nf3 g6 3. d4 cxd4 4. Nxd4 Bg7 5. Nc3 Nc6 6. Be3 Nf6 7. Bc4 O-O 8.
Bb3 d6 9. h3 Nxd4 10. Bxd4 b6 11. O-O Bb7 12. e5 dxe5 13. Bxe5 Qe8 14. Ba4 Bc6
15. Bxc6 Qxc6 16. Qe2 Rac8 17. Rfd1 Rfd8 18. Rxd8+ Rxd8 19. Rd1 Rc8 20. Qb5
Qxb5 21. Nxb5 Ne4 22. Bxg7 Kxg7 23. c3 a6 24. Na3 Nd6 25. Kf1 f6 26. Re1 Kf7
27. Re3 b5 28. b3 e5 29. Nb1 Ke6 30. Ke1 Nf5 31. Re2 a5 32. Kd1 g5 33. Rc2 Nh4
34. g3 Nf3 35. Na3 Rb8 36. c4 b4 37. Nb5 Ng1 38. Rd2 Nxh3 39. Rd6+ Ke7 40. Ra6
Nxf2+ 41. Ke2 Ne4 42. Kf3 Nc3 43. Ra7+ Ke6 44. Ra6+ Kf5 45. Nd6+ Kg6 46. Rxa5
h5 47. Ne4 g4+ 48. Ke3 Rd8 49. Ra6 Nxe4 50. Kxe4 Rd4+ 51. Ke3 Rd1 52. Ra8 Rc1
53. Rg8+ Kf5 54. Rh8 Rc3+ 55. Kf2 Ke4 56. Rxh5 Rc2+ 57. Ke1 f5 58. Kd1 Rxa2 59.
Rh7 f4 60. gxf4 exf4 61. Re7+ Kd3 62. Ke1 g3 63. Rf7 Ra1# 0-1

[Event "6I Torneo Ciudad de Pontevedra 2018"]
[Site "Pontevedra ESP"]
[Date "2018.08.08"]
[Round "1.31"]
[White "Praveen, Kumar C"]
[Black "Uranga Odriozola, Inaki"]
[Result "1-0"]
[WhiteElo "2238"]
[BlackElo "1531"]
[PlyCount "51"]
[EventDate "2018.08.08"]
[EventType "swiss"]
[EventRounds "9"]
[EventCountry "ESP"]
[SourceTitle "Ajedrez en Madrid"]
[Source "lmi"]
[SourceDate "2018.08.08"]

1. d4 d5 2. c4 c6 3. Nf3 Nf6 4. e3 e6 5. b3 Bb4+ 6. Nbd2 O-O 7. Bd3 Nbd7 8. Qc2
b6 9. O-O Be7 10. e4 dxe4 11. Nxe4 c5 12. dxc5 Bxc5 13. Bb2 g6 14. Rad1 Qe7 15.
Qc3 Bb7 16. Nxf6+ Nxf6 17. Qxf6 Qxf6 18. Bxf6 Rfe8 19. Ne5 h5 20. Be2 Rac8 21.
Rd7 Bc6 22. Rxf7 Bf8 23. Rxa7 Be4 24. Rd1 Bc6 25. Nxg6 Bh6 26. Bxh5 1-0

[Event "6I Torneo Ciudad de Pontevedra 2018"]
[Site "Pontevedra ESP"]
[Date "2018.08.09"]
[Round "2.1"]
[White "Pazos Porta, Antonio"]
[Black "Demchenko, Anton"]
[Result "0-1"]
[WhiteElo "2335"]
[BlackElo "2670"]
[PlyCount "82"]
[EventDate "2018.08.08"]
[EventType "swiss"]
[EventRounds "9"]
[EventCountry "ESP"]
[SourceTitle "Ajedrez en Madrid"]
[Source "lmi"]
[SourceDate "2018.08.08"]

1. e4 c5 2. Nf3 d6 3. Nc3 Nc6 4. g3 Nf6 5. d3 e6 6. Bg2 Be7 7. O-O O-O 8. h3
Rb8 9. Be3 b5 10. a3 Nd7 11. d4 cxd4 12. Nxd4 Nxd4 13. Bxd4 a6 14. Re1 Qc7 15.
Rc1 Ne5 16. Nb1 Nc6 17. Bc3 b4 18. axb4 Nxb4 19. Qd4 e5 20. Qd2 Na2 21. Rcd1
Be6 22. Ba5 Qc5 23. Bc3 Rfc8 24. Bf1 Qc6 25. Qd3 Nxc3 26. Nxc3 Rxb2 27. Re3 a5
28. Ra1 Bd8 29. Qd1 Bb6 30. Rd3 Bd4 31. Ne2 Bc5 32. Bg2 Rxc2 33. Kf1 Bb4 34. g4
Qb6 35. Rb1 Ra2 36. Rc1 Rxc1 37. Qxc1 Qc5 38. Qb1 Bc4 39. Bf3 g6 40. Kg2 Bxd3
41. Qxa2 Qc2 0-1

[Event "6I Torneo Ciudad de Pontevedra 2018"]
[Site "Pontevedra ESP"]
[Date "2018.08.09"]
[Round "2.2"]
[White "Venkatesh, M.R."]
[Black "Samoun, Florent"]
[Result "1-0"]
[WhiteElo "2499"]
[BlackElo "2334"]
[PlyCount "67"]
[EventDate "2018.08.08"]
[EventType "swiss"]
[EventRounds "9"]
[EventCountry "ESP"]
[SourceTitle "Ajedrez en Madrid"]
[Source "lmi"]
[SourceDate "2018.08.08"]

1. e4 c5 2. Nc3 Nc6 3. Bb5 Nd4 4. Bc4 g6 5. Nf3 Bg7 6. Nxd4 cxd4 7. Qf3 e6 8.
Nb5 d6 9. Qa3 Ke7 10. c3 dxc3 11. dxc3 a6 12. Nd4 Qc7 13. Bd3 Bd7 14. O-O Nf6
15. e5 Ng4 16. f4 Qc5 17. Qxc5 dxc5 18. Nb3 b6 19. h3 Nh6 20. Be4 Rab8 21. g4
Rhc8 22. Be3 Ng8 23. a4 f6 24. a5 c4 25. Nd4 bxa5 26. Rxa5 Rxb2 27. Rxa6 fxe5
28. fxe5 Bxe5 29. Bc1 Bxd4+ 30. cxd4 c3 31. d5 e5 32. Bg5+ Ke8 33. Rxg6 Ne7 34.
Rg7 1-0

[Event "6I Torneo Ciudad de Pontevedra 2018"]
[Site "Pontevedra ESP"]
[Date "2018.08.09"]
[Round "2.3"]
[White "Guerra Bastida, Diego"]
[Black "Petkov, Vladimir"]
[Result "0-1"]
[WhiteElo "2317"]
[BlackElo "2494"]
[PlyCount "76"]
[EventDate "2018.08.08"]
[EventType "swiss"]
[EventRounds "9"]
[EventCountry "ESP"]
[SourceTitle "Ajedrez en Madrid"]
[Source "lmi"]
[SourceDate "2018.08.08"]

1. e4 c5 2. Nf3 d6 3. d4 cxd4 4. Nxd4 Nf6 5. Nc3 a6 6. Be2 e5 7. Nf3 Be7 8. Bg5
Nbd7 9. a4 h6 10. Be3 b6 11. Nd2 Bb7 12. Nc4 Qc7 13. a5 b5 14. Nb6 Nxb6 15.
axb6 Qb8 16. Nd5 Bxd5 17. exd5 Bd8 18. Rxa6 Rxa6 19. Bxb5+ Ke7 20. Bxa6 Bxb6
21. O-O Bxe3 22. fxe3 Qxb2 23. Bd3 Ra8 24. Qb1 Ra2 25. Qxb2 Rxb2 26. e4 Rb4 27.
Re1 h5 28. Kf2 g6 29. Kf3 Nd7 30. h3 f5 31. g4 fxe4+ 32. Bxe4 Nf6 33. gxh5 gxh5
34. Bg6 Rf4+ 35. Kg2 h4 36. Ra1 Nxd5 37. Ra7+ Kf6 38. Bh5 Ne3+ 0-1

[Event "6I Torneo Ciudad de Pontevedra 2018"]
[Site "Pontevedra ESP"]
[Date "2018.08.09"]
[Round "2.4"]
[White "Cabezas Ayala, Ivan"]
[Black "Pena Gomez, Manuel"]
[Result "0-1"]
[WhiteElo "2308"]
[BlackElo "2483"]
[PlyCount "88"]
[EventDate "2018.08.08"]
[EventType "swiss"]
[EventRounds "9"]
[EventCountry "ESP"]
[SourceTitle "Ajedrez en Madrid"]
[Source "lmi"]
[SourceDate "2018.08.08"]

1. e4 c5 2. Nf3 d6 3. d4 cxd4 4. Nxd4 Nf6 5. Nc3 a6 6. g3 e5 7. Nb3 Be7 8. Bg2
O-O 9. O-O Be6 10. a4 Nbd7 11. a5 Rc8 12. Re1 Re8 13. Be3 Ng4 14. Bd2 b5 15.
Nc1 Qc7 16. Nd3 Nb8 17. h3 Nf6 18. Nb4 Nc6 19. Ncd5 Qb7 20. Nxe7+ Rxe7 21. Nd5
Bxd5 22. exd5 Nb8 23. Bb4 Ne8 24. b3 Nd7 25. h4 f5 26. Qd2 Rf7 27. f4 e4 28.
Bh3 h5 29. Rac1 g6 30. Qd4 Nc5 31. Bc3 Nf6 32. Rcd1 Qc7 33. Re3 Nb7 34. b4 Qc4
35. Qxc4 Rxc4 36. Bxf6 Rxf6 37. c3 Rf8 38. Bf1 Rc7 39. c4 Rb8 40. cxb5 axb5 41.
Ree1 Rc3 42. a6 Nd8 43. Bxb5 Rxb5 44. a7 Rc8 0-1

[Event "6I Torneo Ciudad de Pontevedra 2018"]
[Site "Pontevedra ESP"]
[Date "2018.08.09"]
[Round "2.5"]
[White "Manolache, Marius"]
[Black "Rodriguez Lopez, Rafael"]
[Result "1-0"]
[WhiteElo "2481"]
[BlackElo "2312"]
[PlyCount "77"]
[EventDate "2018.08.08"]
[EventType "swiss"]
[EventRounds "9"]
[EventCountry "ESP"]
[SourceTitle "Ajedrez en Madrid"]
[Source "lmi"]
[SourceDate "2018.08.08"]

1. d4 Nf6 2. Bg5 Ne4 3. Bf4 c5 4. d5 Qb6 5. Bc1 e6 6. f3 Nf6 7. e4 exd5 8. exd5
Bd6 9. c4 O-O 10. Bd3 Re8+ 11. Kf1 Bf8 12. Nh3 d6 13. Nf2 Nbd7 14. f4 Qd8 15.
Nc3 a6 16. a4 g6 17. g4 h5 18. h3 Bg7 19. Rg1 hxg4 20. hxg4 Nf8 21. Bd2 N8h7
22. Rh1 Bd7 23. g5 Nh5 24. Rxh5 gxh5 25. Qxh5 f5 26. Qh3 Qb6 27. Ncd1 Qd8 28.
Ne3 Nf8 29. Bxf5 Bxb2 30. Rb1 Bd4 31. Nfg4 b5 32. Nh6+ Kg7 33. Bxd7 Rxe3 34.
Bxe3 Bxe3 35. Nf5+ Kg8 36. Be6+ Nxe6 37. dxe6 Bxf4 38. Nh6+ Kg7 39. Nf7 1-0

[Event "6I Torneo Ciudad de Pontevedra 2018"]
[Site "Pontevedra ESP"]
[Date "2018.08.09"]
[Round "2.6"]
[White "Forgas Moreno, Yaniela"]
[Black "Cori Quispe, Kevin Joel"]
[Result "0-1"]
[WhiteElo "2299"]
[BlackElo "2480"]
[PlyCount "102"]
[EventDate "2018.08.08"]
[EventType "swiss"]
[EventRounds "9"]
[EventCountry "ESP"]
[SourceTitle "Ajedrez en Madrid"]
[Source "lmi"]
[SourceDate "2018.08.08"]

1. e4 c5 2. Nc3 d6 3. g3 Nc6 4. Bg2 g6 5. d3 Bg7 6. Be3 Rb8 7. Qd2 b5 8. f4 Nd4
9. Nd1 e5 10. c3 exf4 11. gxf4 Nc6 12. Nf3 Nf6 13. Nf2 O-O 14. O-O Re8 15. f5
b4 16. Bg5 bxc3 17. bxc3 Qa5 18. Qf4 Nh5 19. Qxd6 Rb6 20. Rab1 Nd4 21. Rxb6
Ne2+ 22. Kh1 Qxb6 23. Qxb6 axb6 24. fxg6 hxg6 25. c4 Nc3 26. a3 Bd7 27. Nd1 Ne2
28. Ne1 Ra8 29. Nc2 Ba4 30. Nce3 b5 31. Rf2 Nd4 32. Nb2 Bb3 33. cxb5 Ne6 34.
Be7 Bd4 35. Nbd1 Bxd1 36. Nxd1 Bxf2 37. Nxf2 Rxa3 38. Bf1 Ra1 39. Kg1 Nhf4 40.
Bd6 Rb1 41. Ng4 Nxd3 42. Nf6+ Kg7 43. Nd5 c4 44. b6 Nec5 45. e5 Ne4 46. Kg2
Rb2+ 47. Kh3 Ndf2+ 48. Kh4 c3 49. Ba3 Rb1 50. e6 fxe6 51. Nb4 Kh6 0-1

[Event "6I Torneo Ciudad de Pontevedra 2018"]
[Site "Pontevedra ESP"]
[Date "2018.08.09"]
[Round "2.7"]
[White "Suarez Gomez, Julio"]
[Black "Senlle Caride, Miguel"]
[Result "1/2-1/2"]
[WhiteElo "2469"]
[BlackElo "2311"]
[PlyCount "68"]
[EventDate "2018.08.08"]
[EventType "swiss"]
[EventRounds "9"]
[EventCountry "ESP"]
[SourceTitle "Ajedrez en Madrid"]
[Source "lmi"]
[SourceDate "2018.08.08"]

1. c4 e5 2. e3 Nf6 3. Nc3 Nc6 4. a3 d5 5. cxd5 Nxd5 6. Qc2 Be7 7. Nf3 O-O 8. b4
Nxc3 9. dxc3 Qd6 10. Bc4 Bg4 11. O-O Rad8 12. Nd2 Kh8 13. f3 Be6 14. Be2 f5 15.
Rd1 Bg8 16. Nf1 Qe6 17. Rxd8 Rxd8 18. Bd2 e4 19. f4 Bf6 20. Rc1 a5 21. Be1 axb4
22. cxb4 Ne7 23. Bc3 Bxc3 24. Qxc3 Nd5 25. Qb2 c6 26. Rd1 Re8 27. b5 cxb5 28.
Bxb5 Qb6 29. Rd4 Nxf4 30. Rd7 Ne6 31. Qb4 Nc5 32. Rd4 Ne6 33. Rd7 Nc5 34. Rd4
Ne6 1/2-1/2

[Event "6I Torneo Ciudad de Pontevedra 2018"]
[Site "Pontevedra ESP"]
[Date "2018.08.09"]
[Round "2.8"]
[White "Garcia Trobat, Francisco"]
[Black "Starostits, Ilmars"]
[Result "0-1"]
[WhiteElo "2266"]
[BlackElo "2454"]
[PlyCount "78"]
[EventDate "2018.08.08"]
[EventType "swiss"]
[EventRounds "9"]
[EventCountry "ESP"]
[SourceTitle "Ajedrez en Madrid"]
[Source "lmi"]
[SourceDate "2018.08.08"]

1. e4 c6 2. Nf3 d5 3. Nc3 Bg4 4. h3 Bxf3 5. Qxf3 Nf6 6. d4 dxe4 7. Qe3 g6 8.
Nxe4 Nxe4 9. Qxe4 Bg7 10. c3 O-O 11. Be2 Nd7 12. O-O Nf6 13. Qc2 Qc7 14. Bf3
Nd5 15. Bd2 Rad8 16. Rae1 e6 17. Re2 Rd7 18. Rfe1 c5 19. dxc5 Qxc5 20. Qa4 b5
21. Qh4 Rc8 22. a4 a6 23. axb5 axb5 24. Bh6 Bf6 25. Qg4 Re8 26. Rd2 Nb6 27. Qf4
Bg7 28. Rxd7 Nxd7 29. Bxg7 Kxg7 30. Rd1 e5 31. Qe3 Qxe3 32. fxe3 Nf6 33. Rd6
Rb8 34. b4 h5 35. Rc6 h4 36. Be2 Ne4 37. Bd3 Ng3 38. Rc5 Rd8 39. Bxb5 Ne4 0-1

[Event "6I Torneo Ciudad de Pontevedra 2018"]
[Site "Pontevedra ESP"]
[Date "2018.08.09"]
[Round "2.9"]
[White "Nayhebaver, Martin"]
[Black "Galiana Fernandez, Adrian"]
[Result "1-0"]
[WhiteElo "2453"]
[BlackElo "2291"]
[PlyCount "77"]
[EventDate "2018.08.08"]
[EventType "swiss"]
[EventRounds "9"]
[EventCountry "ESP"]
[SourceTitle "Ajedrez en Madrid"]
[Source "lmi"]
[SourceDate "2018.08.08"]

1. e4 c5 2. Nf3 d6 3. d4 cxd4 4. Nxd4 Nf6 5. Nc3 a6 6. h3 e6 7. g4 Nfd7 8. g5
b5 9. a3 Bb7 10. Be3 Nb6 11. h4 N8d7 12. Qh5 Nc5 13. O-O-O Be7 14. Qg4 Qc7 15.
h5 d5 16. exd5 Nxd5 17. Nxd5 Bxd5 18. Bg2 Nb3+ 19. Kb1 Nxd4 20. Bxd4 Bxg2 21.
Qxg2 Rc8 22. f4 O-O 23. h6 g6 24. Be5 Qc5 25. Rd7 Rfe8 26. Rhd1 a5 27. Qe4 a4
28. Bc3 Red8 29. Qb7 Rxd7 30. Rxd7 Qg1+ 31. Ka2 Qc5 32. Qe4 Bf8 33. Bb4 Qf5 34.
Qxf5 gxf5 35. Bc3 Rb8 36. Be5 Rc8 37. Rb7 b4 38. axb4 f6 39. gxf6 1-0

[Event "6I Torneo Ciudad de Pontevedra 2018"]
[Site "Pontevedra ESP"]
[Date "2018.08.09"]
[Round "2.10"]
[White "Gonzalez Perez, Jose Ramon"]
[Black "Horton, Andrew P"]
[Result "0-1"]
[WhiteElo "2074"]
[BlackElo "2408"]
[PlyCount "78"]
[EventDate "2018.08.08"]
[EventType "swiss"]
[EventRounds "9"]
[EventCountry "ESP"]
[SourceTitle "Ajedrez en Madrid"]
[Source "lmi"]
[SourceDate "2018.08.08"]

1. e4 e5 2. Nf3 Nc6 3. Bb5 a6 4. Ba4 Nf6 5. O-O Be7 6. Re1 b5 7. Bb3 d6 8. c3
O-O 9. h3 Nb8 10. d4 Nbd7 11. Nbd2 Bb7 12. Bc2 Re8 13. Nf1 Bf8 14. Ng3 g6 15.
a4 Bg7 16. Bd3 c6 17. Bg5 Nf8 18. axb5 axb5 19. d5 Rxa1 20. Qxa1 Qa8 21. dxc6
Bxc6 22. Nd2 Ne6 23. Bxf6 Bxf6 24. b4 h5 25. Nb3 h4 26. Nf1 Nf4 27. Bc2 Qxa1
28. Nxa1 Rc8 29. Kh2 Bd7 30. Re3 Ra8 31. Re1 Rc8 32. Re3 Bd8 33. g3 Nxh3 34.
Bb3 Nxf2 35. Rf3 Ng4+ 36. Kg2 Nf6 37. gxh4 Bc6 38. Nd2 Nxe4 39. Bxf7+ Kg7 0-1

[Event "6I Torneo Ciudad de Pontevedra 2018"]
[Site "Pontevedra ESP"]
[Date "2018.08.09"]
[Round "2.11"]
[White "Merario Alarcon, Andres"]
[Black "Praveen, Kumar C"]
[Result "1/2-1/2"]
[WhiteElo "2406"]
[BlackElo "2238"]
[PlyCount "71"]
[EventDate "2018.08.08"]
[EventType "swiss"]
[EventRounds "9"]
[EventCountry "ESP"]
[SourceTitle "Ajedrez en Madrid"]
[Source "lmi"]
[SourceDate "2018.08.08"]

1. d4 e6 2. c4 c5 3. d5 exd5 4. cxd5 d6 5. Nc3 Nf6 6. Nf3 g6 7. Bf4 a6 8. a4
Bg7 9. h3 O-O 10. e3 Ne8 11. Be2 Nd7 12. O-O Ne5 13. Bxe5 dxe5 14. Nd2 Nd6 15.
a5 Rb8 16. Ra2 f5 17. Nb3 f4 18. e4 Qc7 19. Nd2 Bd7 20. Bg4 Bb5 21. Nxb5 axb5
22. Qc2 Ra8 23. Rc1 Rxa5 24. Rxa5 Qxa5 25. Nb3 Qa4 26. Nxc5 Qxc2 27. Rxc2 Ra8
28. Rc1 b6 29. Nd7 Nxe4 30. Nxb6 Rd8 31. Rc2 Bf8 32. Nd7 Bd6 33. Rc6 Ra8 34.
Kf1 Ra2 35. Rc2 b4 36. Nb6 1/2-1/2

[Event "6I Torneo Ciudad de Pontevedra 2018"]
[Site "Pontevedra ESP"]
[Date "2018.08.09"]
[Round "2.12"]
[White "Ferreno Sanmartin, Angel"]
[Black "Silva, Luis Neves Da"]
[Result "0-1"]
[WhiteElo "2050"]
[BlackElo "2374"]
[PlyCount "138"]
[EventDate "2018.08.08"]
[EventType "swiss"]
[EventRounds "9"]
[EventCountry "ESP"]
[SourceTitle "Ajedrez en Madrid"]
[Source "lmi"]
[SourceDate "2018.08.08"]

1. e4 e5 2. Nf3 Nc6 3. Bb5 a6 4. Ba4 Nf6 5. O-O Be7 6. Re1 b5 7. Bb3 d6 8. c3
O-O 9. h3 Re8 10. d4 Bb7 11. Nbd2 Bf8 12. Bc2 g6 13. d5 Nb8 14. a4 Nbd7 15. Nf1
c6 16. dxc6 Bxc6 17. a5 Qc7 18. Ng3 Qb7 19. Bg5 h6 20. Bd2 Nc5 21. Qb1 Rad8 22.
b4 Ne6 23. Qc1 Kh7 24. Nh2 Bg7 25. Ng4 Nxg4 26. hxg4 Nf4 27. f3 Qe7 28. Ne2 Ne6
29. Bb3 Rh8 30. Be3 Bf6 31. Qd2 Kg7 32. g3 h5 33. gxh5 Rxh5 34. Kg2 Ng5 35.
Bxg5 Bxg5 36. Qd3 Qb7 37. Bd5 Bxd5 38. exd5 Qa7 39. Rh1 Rxh1 40. Rxh1 Qe3 41.
Qxe3 Bxe3 42. Rd1 Rc8 43. Rd3 Bg5 44. f4 Bf6 45. Kf3 Rc4 46. Re3 Kf8 47. Re4
Rc8 48. Re3 Bg7 49. Ke4 f5+ 50. Kd3 Ke7 51. Kc2 Rc4 52. Nd4 Kd7 53. Ne6 Bh6 54.
Rf3 Ke7 55. Rf2 exf4 56. gxf4 Kf6 57. Kd3 g5 58. Rh2 Kg6 59. fxg5 Bxg5 60. Rg2
Rg4 61. Rxg4 fxg4 62. Nc7 g3 63. Ke2 Kf5 64. Nxa6 Ke4 65. Nc5+ dxc5 66. a6 g2
67. Kf2 g1=Q+ 68. Kxg1 cxb4 69. d6 bxc3 0-1

[Event "6I Torneo Ciudad de Pontevedra 2018"]
[Site "Pontevedra ESP"]
[Date "2018.08.09"]
[Round "2.13"]
[White "Martinez Duany, Lelys Stanley"]
[Black "Rebole Arbea, Jose Ignacio"]
[Result "1-0"]
[WhiteElo "2544"]
[BlackElo "2143"]
[PlyCount "77"]
[EventDate "2018.08.08"]
[EventType "swiss"]
[EventRounds "9"]
[EventCountry "ESP"]
[SourceTitle "Ajedrez en Madrid"]
[Source "lmi"]
[SourceDate "2018.08.08"]

1. Nf3 f5 2. b3 Nf6 3. Bb2 e6 4. d3 d5 5. Nbd2 Bc5 6. c4 O-O 7. Qc2 Be7 8. e3
Nc6 9. a3 a5 10. Be2 Ne8 11. h3 Bf6 12. d4 Nd6 13. g4 Ne4 14. gxf5 exf5 15.
cxd5 Ne7 16. Nxe4 fxe4 17. Qxe4 Bf5 18. Qf4 Bc2 19. Qg4 Bf5 20. Qf4 Bc2 21. Rc1
Bxb3 22. e4 Bxd4 23. Qd2 Bxb2 24. Qxb2 a4 25. Nd4 Ng6 26. Ne6 Qf6 27. Qxf6 Rxf6
28. Rxc7 Rf7 29. Rxf7 Kxf7 30. Kd2 Rc8 31. Rc1 Rxc1 32. Kxc1 b6 33. Kd2 Ne5 34.
Kc3 Nd7 35. f4 Nf6 36. Kd4 g6 37. Ng5+ Ke7 38. d6+ Kd7 39. Bb5+ 1-0

[Event "6I Torneo Ciudad de Pontevedra 2018"]
[Site "Pontevedra ESP"]
[Date "2018.08.09"]
[Round "2.14"]
[White "Paiva, Henrique M A Alberg"]
[Black "Ruck, Robert"]
[Result "0-1"]
[WhiteElo "2080"]
[BlackElo "2502"]
[PlyCount "56"]
[EventDate "2018.08.08"]
[EventType "swiss"]
[EventRounds "9"]
[EventCountry "ESP"]
[SourceTitle "Ajedrez en Madrid"]
[Source "lmi"]
[SourceDate "2018.08.08"]

1. e4 c5 2. Nf3 d6 3. d4 cxd4 4. Nxd4 Nf6 5. Nc3 a6 6. Be2 e5 7. Nb3 Be7 8. Be3
Be6 9. O-O O-O 10. Bf3 Nbd7 11. Re1 Rc8 12. a4 Nb6 13. a5 Nc4 14. Bc1 Qc7 15.
Qe2 Rfe8 16. Rd1 h6 17. Rd3 Bf8 18. h3 d5 19. exd5 Bf5 20. Rd1 e4 21. Bg4 Bxg4
22. hxg4 e3 23. f3 Qe5 24. Rd4 Qg3 25. Kf1 Qh4 26. Qe1 Qh1+ 27. Ke2 Qxg2+ 28.
Kd1 Bb4 0-1

[Event "6I Torneo Ciudad de Pontevedra 2018"]
[Site "Pontevedra ESP"]
[Date "2018.08.09"]
[Round "2.15"]
[White "Oratovsky, Michael"]
[Black "Fernandez Garcia, Gumersindo"]
[Result "1-0"]
[WhiteElo "2489"]
[BlackElo "1980"]
[PlyCount "49"]
[EventDate "2018.08.08"]
[EventType "swiss"]
[EventRounds "9"]
[EventCountry "ESP"]
[SourceTitle "Ajedrez en Madrid"]
[Source "lmi"]
[SourceDate "2018.08.08"]

1. e4 c5 2. Nf3 e6 3. g3 Nc6 4. Bg2 Nf6 5. Qe2 d5 6. exd5 Nxd5 7. O-O Be7 8.
Rd1 Bf6 9. Nc3 O-O 10. Ne4 Be7 11. c3 f5 12. d3 fxe4 13. dxe4 Nxc3 14. bxc3 Qc7
15. e5 h6 16. Qe4 Bd7 17. Bxh6 gxh6 18. Qg6+ Kh8 19. Qxh6+ Kg8 20. Qg6+ Kh8 21.
Re1 Rf5 22. Re4 Nxe5 23. Nxe5 Rxe5 24. Rae1 Rxe4 25. Bxe4 1-0

[Event "6I Torneo Ciudad de Pontevedra 2018"]
[Site "Pontevedra ESP"]
[Date "2018.08.09"]
[Round "2.16"]
[White "Torrado Quintela, Julio"]
[Black "Dionisi, Thomas"]
[Result "0-1"]
[WhiteElo "2195"]
[BlackElo "2403"]
[PlyCount "86"]
[EventDate "2018.08.08"]
[EventType "swiss"]
[EventRounds "9"]
[EventCountry "ESP"]
[SourceTitle "Ajedrez en Madrid"]
[Source "lmi"]
[SourceDate "2018.08.08"]

1. e4 e5 2. Nf3 Nc6 3. Nc3 Nf6 4. d4 exd4 5. Nd5 Be7 6. Bc4 O-O 7. O-O d6 8.
Nxd4 Nxd5 9. Nxc6 bxc6 10. exd5 Bb7 11. Re1 Bf6 12. c3 Rb8 13. Rb1 cxd5 14. Bb3
c6 15. Qd3 Qd7 16. Bf4 Rfe8 17. Qg3 Rxe1+ 18. Rxe1 Re8 19. Rxe8+ Qxe8 20. h3
Qe1+ 21. Kh2 Be5 22. Bxe5 Qxe5 23. f4 Qe7 24. Qg4 g6 25. h4 Kg7 26. h5 Ba6 27.
hxg6 hxg6 28. a4 Bd3 29. Bd1 Qe3 30. Bf3 Bf5 31. Qh4 Qd2 32. Qe7 Qxf4+ 33. Kh1
Qxa4 34. Qxd6 Qa1+ 35. Kh2 Qxb2 36. Qe5+ Kh7 37. Qf6 Be6 38. Kg3 Qb8+ 39. Kf2
a5 40. Be2 Qa7+ 41. Kf3 a4 42. Bd3 a3 43. Qh4+ Kg7 0-1